00395nam a2200121Ia 4500008004100000082001900041100002300060245003200083260006200115300001000177630001800187650006800205211109s9999||||xx |||||||||||||| ||und|| a891.436bMAD-A aMadhan, Indra Nath 0aAhdunikta Aur Hindi Upanyas bRajkamal Prakashan Pvt Ltd DelhiaOxford City Pressc1900 a128p. xGeneral stack aHindi literaturevHindi fictionxLiterature & rhetoricGeneralia